000 00918nam a2200277 a 4500
001 57292
003 BD-RjUL
005 20211209080507.0
008 161208s1983 enka b 001 0 eng
020 _a0691031339 (alk. paper) :
_c$25.00
035 _a(BD-RjUL)57416
040 _aDLC
_cDLC
_dBD-RjUL
_beng
041 _aeng
082 0 0 _a363.960952
_223
_bCOF 1983
100 1 _aColeman, Samuel,
_d1946-
_9170121
245 1 0 _aFamily planning in Japanese society :
_btraditional birth control in a modern urban culture /
_cSamuel Coleman.
260 _aPrinceton, N.J. :
_bPrinceton University Press,
_cc1983.
300 _axiii, 269 p. :
_bill. ;
_c23 cm.
500 _aIncludes index.
504 _aBibliography: p. [241]-261.
650 0 _aBirth control
_zJapan.
_9170122
650 0 _aContraception
_zJapan.
_9170123
650 0 _aMarriage
_zJapan.
_9170124
942 _2ddc
_cBK
999 _c57292
_d57292